000 01703nam a2200457 i 4500
001 21244
003 KOSZ 005
005 20230213124416.0
008 190218s1982 pl a f 000 0 pol
015 _aPB 1983/1087
035 _a(PL-WaBN)b12496479-48omnis_nlop
035 _ab12496479
035 _a(OCoLC)830210132
035 _a(PL)b0000012496479
040 _aWA N
_cWA N
_dKOSZ 005/RW
046 _k1982
080 _a678
080 _a620.197
080 _a(075.8)
100 1 _aGierzyńska-Dolna, Monika
_eAutor
245 1 0 _aTechniki wytwarzania :
_bprzetwórstwo tworzyw sztucznych i powłoki ochronne : (ćwiczenia laboratoryjne) /
_cMonika Gierzyńska, Andrzej Lechowski, Maria Jędryka ; Politechnika Częstochowska.
260 _aCzęstochowa :
_bPolitechnika Częstochowska,
_c1982.
300 _a269 stron, [1] karta tablic :
_bilustracje ;
_c24 cm.
336 _aTekst
_btxt
_2rdacontent
337 _aBez urządzenia pośredniczącego
_bn
_2rdamedia
338 _aWolumin
_bnc
_2rdacarrier
380 _aKsiążki
388 _a1901-2000
504 _aBibliografia przy ćwiczeniach.
658 _aInżynieria i technika
655 7 _aĆwiczenia i zadania dla szkół wyższych
_2DBN
650 7 _aPowłoki ochronne
_2DBN
650 7 _aTechnologia
650 7 _aTworzywa sztuczne
_2DBN
700 1 _aJędryka, Maria.
_eAutor
700 1 _aLechowski, Andrzej
_c(techniki wytwarzania).
_eAutor
710 2 _aPolitechnika Częstochowska.
_bWydawnictwo.
_4pbl.
856 _uhttp://koha.tu.koszalin.pl/cgi-bin/koha/opac-detail.pl?biblionumber=21244
_yKatalog online BPK
942 _2UKD
_cKS
999 _c21244
_d21244